Zweierpotenzen in 90 Sekunden - Statistiken

Allgemein
  • Dieses Quiz wurde 9.051 mal gespielt
    9.018 seit der letzten Aktualisierung
  • Das Durchschnittsergebnis liegt bei 16 aus 26
Antwortstatistiken
Zweierpotenz Zahl % Korrekt
2^1 2
100%
2^0 1
99%
2^2 4
99%
2^4 16
98%
2^3 8
98%
2^5 32
96%
2^7 128
95%
2^6 64
95%
2^8 256
93%
2^10 1.024
92%
2^9 512
92%
2^11 2.048
91%
2^12 4.096
88%
2^13 8.192
79%
2^14 16.384
69%
2^15 32.768
58%
2^16 65.536
39%
2^17 131.072
24%
2^18 262.144
20%
2^19 524.288
13%
2^20 1.048.576
8%
2^21 2.097.152
5%
2^22 4.194.304
3%
2^23 8.388.608
2%
2^24 16.777.216
1%
2^25 33.554.432
1%
Keine übereinstimmenden Quizze gefunden
Verteilung der Resultate
Anzahl Personen mit jedem Resultat
Perzentil nach korrekt beantworteten Fragen
Ihre Resultats-Entwicklung
Sie haben dieses Quiz seit der letzten Aktualisierung nicht gespielt